Population and society in the Arab east (Record no. 417463)

000 -LEADER
fixed length control field 00428cam a22001337a 4500
008 - FIXED-LENGTH DATA ELEMENTS--GENERAL INFORMATION
fixed length control field 180718b1960 xxu||||| |||| 00| 0 eng d
082 ## - DEWEY DECIMAL CLASSIFICATION NUMBER
Classification number B12x56 B145
100 ## - MAIN ENTRY--PERSONAL NAME
Personal name Baer, Gabriel
245 ## - TITLE STATEMENT
Title Population and society in the Arab east
Statement of responsibility, etc. by Gabriel Baer and translated by Hanna Szoke
260 ## - PUBLICATION, DISTRIBUTION, ETC.
Place of publication, distribution, etc. London
Name of publisher, distributor, etc. Routledge & Kegan Paul
Date of publication, distribution, etc. 1960
300 ## - PHYSICAL DESCRIPTION
Extent xii,275p
650 ## - SUBJECT ADDED ENTRY--TOPICAL TERM
Topical term or geographic name entry element Middle East -Social conditions.
700 ## - ADDED ENTRY--PERSONAL NAME
Personal name Szoke, Hanna,tr
Holdings
Withdrawn status Lost status Damaged status Not for loan Permanent Location Current Location Date acquired Full call number Barcode Date last seen Price effective from Koha item type
        Indian Institute of Public Administration Indian Institute of Public Administration 2009-03-25 B12x56 B145 35300 2018-07-21 2018-07-21 Book

Powered by Koha